000 01797namaa2200397uu 4500
001 doab135145
003 oapen
005 20260218110428.0
006 m o d
007 cr|mn|---annan
008 240307s2024 xx |||||o ||| 0|eng d
020 _a9781837699438
020 _a9781837699445
020 _a9781837699452
020 _aintechopen.1000321
024 7 _a10.5772/intechopen.1000321
_2doi
040 _aoapen
_coapen
_d
041 0 _aeng
042 _adc
720 1 _aKhan, Maaz
_4edt
245 0 0 _aApplications of Ferrites
260 _bIntechOpen
_c2024
300 _a1 online resource (146 p.)
336 _atext
_btxt
_2rdacontent
337 _acomputer
_bc
_2rdamedia
338 _aonline resource
_bcr
_2rdacarrier
506 0 _fUnrestricted online access
_2star
520 _aThis book presents an overview of the status and recent trends in ferrites. It provides readers with a clear understanding of both the theory and applications of ferrites. It also discusses challenges, opportunities, and new directions for the future development of ferrite technology. The book provides fundamental knowledge and up-to-date information to enable advanced study in the field and is therefore a useful resource for research students, scientists, engineers, and materials scientists.
540 _aCreative Commons
_fhttps://creativecommons.org/licenses/by/3.0/
_2cc
_uhttps://creativecommons.org/licenses/by/3.0/
546 _aEnglish
650 7 _aCeramic and glass technology
_2bicssc
720 1 _aKhan, Maaz
_4oth
793 0 _aDOAB Library.
856 _uhttps://docs.google.com/spreadsheets/d/1yKIrdCPDAG_9c22mwoOIO2DOhtj65Wqa/edit?usp=sharing&ouid=106555315294820607512&rtpof=true&sd=true
_yList of Curated E-Books
942 _cE-BOOK
999 _c80962
_d80961